Desire and Disunity (Record no. 81103)

MARC details
000 -LEADER
fixed length control field 02688namaa2200337uu 4500
001 - CONTROL NUMBER
control field doab136438
003 - CONTROL NUMBER IDENTIFIER
control field oapen
005 - DATE AND TIME OF LATEST TRANSACTION
control field 20260218110437.0
006 - FIXED-LENGTH DATA ELEMENTS--ADDITIONAL MATERIAL CHARACTERISTICS
fixed length control field m o d
007 - PHYSICAL DESCRIPTION FIXED FIELD--GENERAL INFORMATION
fixed length control field cr|mn|---annan
008 - FIXED-LENGTH DATA ELEMENTS--GENERAL INFORMATION
fixed length control field 240416s2024 xx |||||o ||| 0|eng d
020 ## - INTERNATIONAL STANDARD BOOK NUMBER
International Standard Book Number 9781835530023
020 ## - INTERNATIONAL STANDARD BOOK NUMBER
International Standard Book Number 9781835532539
040 ## - CATALOGING SOURCE
Original cataloging agency oapen
Transcribing agency oapen
Modifying agency
041 0# - LANGUAGE CODE
Language code of text/sound track or separate title eng
042 ## - AUTHENTICATION CODE
Authentication code dc
245 00 - TITLE STATEMENT
Title Desire and Disunity
Remainder of title Christian Communities and Sexual Norms in the Late Antique West
260 ## - PUBLICATION, DISTRIBUTION, ETC.
Name of publisher, distributor, etc. Liverpool University Press
Date of publication, distribution, etc. 2024
300 ## - PHYSICAL DESCRIPTION
Extent 1 online resource (248 p.)
336 ## - CONTENT TYPE
Content type term text
Content type code txt
Source rdacontent
337 ## - MEDIA TYPE
Media type term computer
Media type code c
Source rdamedia
338 ## - CARRIER TYPE
Carrier type term online resource
Carrier type code cr
Source rdacarrier
506 0# - RESTRICTIONS ON ACCESS NOTE
Standardized terminology for access restriction Unrestricted online access
Source of term star
520 ## - SUMMARY, ETC.
Summary, etc. Desire and Disunity explores the struggles of Christianising late ancient sexuality in the late Roman West. Through an examination of fourth to sixth century sermons, letters, laws, and treatises in Latin-speaking communities, the difficulties of late antique clerics in moving ascetically influenced sexual ideals into wider practice become evident. Western clerics faced challenges on several fronts: the dedication and devoutness of lay Christians varied, while the military-political upheavals of the fifth century created new challenges and opportunities for influencing one's flock. Furthermore, Roman sexual norms continued to inform the thinking of many clerics and lay figures alike, even when in opposition to more scripturally based moral reasoning. Problems of bigamy, concubinage, sex work, incest, homosexual acts, adultery, and more troubled western Christian communities, with contradicting rules and traditions on what was acceptable and what was not. What reach did elite clerical perspectives on sexual norms have amongst the non-elite? How did clerics navigate tensions between the idealisation of Christian communal purity and the actions of congregants that fell short of these ideals? What influenced clerical perceptions of sex and how did they articulate these ideas to their audiences? Clerical sources of this time reflect these challenges as well as varying church attempts to reform the sex lives of their congregants - and, indeed, church failure in doing so.
540 ## - TERMS GOVERNING USE AND REPRODUCTION NOTE
Terms governing use and reproduction Creative Commons
-- https://creativecommons.org/licenses/by-nc-nd/4.0/
-- cc
Uniform Resource Identifier <a href="https://creativecommons.org/licenses/by-nc-nd/4.0/">https://creativecommons.org/licenses/by-nc-nd/4.0/</a>
546 ## - LANGUAGE NOTE
Language note English
720 1# - ADDED ENTRY--UNCONTROLLED NAME
Name Vihervalli, Ulriika
Relator code aut
793 0# -
-- DOAB Library.
856 ## - ELECTRONIC LOCATION AND ACCESS
Uniform Resource Identifier <a href="https://docs.google.com/spreadsheets/d/1yKIrdCPDAG_9c22mwoOIO2DOhtj65Wqa/edit?usp=sharing&ouid=106555315294820607512&rtpof=true&sd=true ">https://docs.google.com/spreadsheets/d/1yKIrdCPDAG_9c22mwoOIO2DOhtj65Wqa/edit?usp=sharing&ouid=106555315294820607512&rtpof=true&sd=true </a>
Link text List of Curated E-Books
942 ## - ADDED ENTRY ELEMENTS (KOHA)
Koha item type E-Book
Holdings
Withdrawn status Damaged status Not for loan Home library Current library Date acquired Total Checkouts Date last seen Price effective from Koha item type
      Directory of Open Access Books Directory of Open Access Books 12/09/2024   12/09/2024 12/09/2024 E-Book

University of Rizal System
Email us at univlibservices@urs.edu.ph

Visit our Website www.urs.edu.ph/library